Регионална библиотека "Любен Каравелов" - Русе

Основи на предучилищната педагогика (Запис номер 57279)

MARC детайли
000 -Лидер
Контролно поле с фиксирана дължина 01656nam a2200373 c 4500
003 - Код на организацията, давaща контролен номер
Контролно поле BLK
005 - Дата и час на последна редакция
Контролно поле 20180422102057.0
008 - Елементи от данни с фиксирана дължина
fixed length control field 180408b bul|||||r ||||||| ||bul||
010 ## - Наследен системен номер
LC control number KNG00061274000
040 ## - Източник на каталожния запис
Идентификатор на билиотеката - собственик на записа BLK
041 ## - Код за език
Код за езика на текст/звукозапис или на отделно заглавие Български
Код за езика КДБФ Български
080 ## - УДК
Текстов определител УДК Занимания в предучилищна възраст
УДК код - определител по УДК 372.3
УДК определител (47+57)
УДК - код + определител 372.3(47+57)
100 1# - Редна дума - Автор
Автор Запорожец, Александър В.
Авторска отговорност първи автор
R(LIN) 369470
139 ## - Редно поле
Редна дума Основи на предучилищната педагогика
Авторски знак Осн - О 83
245 10 - Сведения за заглавието
Заглавие Основи на предучилищната педагогика
Подзаглавни данни Моногр.
Редно поле (дума) Александър В. Запорожец; ред. Александър В. Запорожец; ред. Т. А. Маркова; прев. от рус. Мария Косева.
257 ## - Страна на издаване
Страна на създаване/издаване България
260 ## - Област на издателските данни
-- София
Име на издателя, разпространителя и проч. Нар. просв.
Година на издаване 1984
Печатница В. Търново : печ. Д. Найденов
300 ## - Физическа характеристика
Страници 320 с.
Размери/Мащаб 21 см
380 ## - Жанр
Жанр Обществени науки
500 ## - Общи забележки
Забележка Библиогр. с. 306-317
504 ## - Забележка за наличие на библиография и др
Забележка за наличие на библиография и под. 306-317
650 #4 - Допълнително описание по предмет – тема
Основно описание – тема или топоним Предучилищно възпитание - методика на преподаването
9 (RLIN) 242554
653 ## - Ключова дума – ненормативна
Ключова дума предучилищно възпитание
653 ## - Ключова дума – ненормативна
Ключова дума предучилищна възраст
653 ## - Ключова дума – ненормативна
Ключова дума теории
700 1# - Други автори (авторска отговорност)
Лично име Запорожец, Александър В.
Автороска отговорност (Описва отношението между автора и произведението) ред.
9 (RLIN) 369470
700 1# - Други автори (авторска отговорност)
Лично име Маркова, Т. А.
Автороска отговорност (Описва отношението между автора и произведението) ред.
9 (RLIN) 369471
700 1# - Други автори (авторска отговорност)
Лично име Косева, Мария
Автороска отговорност (Описва отношението между автора и произведението) прев. от рус.
9 (RLIN) 368535
852 ## - Местоположение
Форматна сигнатура Цб 127577
856 4# - Електронен адрес и достъп
Електронен формат pdf - файл
Път до файла /url/
856 4# - Електронен адрес и достъп
Електронен формат pdf - файл
Път до файла /url/
942 ## - АРТИКУЛИ
Вид на библиотечния материал Книги
Скрит в OPAC Не
944 ## - СЪЗДАВАНЕ И РЕДАКЦИЯ на ЗАПИСА
Създаване/Редакция Създаване
Дата на регистрацията/редакция 13.06.2004
Служител, извършил регистрацията/редакцията Наталия_Медовщикова
944 ## - СЪЗДАВАНЕ И РЕДАКЦИЯ на ЗАПИСА
Създаване/Редакция Редакция
Дата на регистрацията/редакция 14.03.2007
Служител, извършил регистрацията/редакцията
999 ## - СИСТЕМНИ КОНТРОЛНИ НОМЕРА
Koha biblionumber 57279
Koha biblioitemnumber 57279
Наличности
Код за отписване Код за изгубен артикул Източник на класификационната схема Код за повреда Коз за рестрикции Код за отдаване Артикулен № Име на библиотеката - собственик Име на библиотеката, в която се намира в момента Статус (Текущо местоположение) Дата на вписване в системата Местоположение - отдел Цена в лева Инвентарен номер Систематично азбучна сигнатура Баркод Номер на екземпляра Цена в евро Служебна бележка Служебен тип на артикула
  Не е изгубен Universal Decimal Classification Не е повреден без рестрикции ползва се в читалня 92494 Регионална библиотека "Любен Каравелов" Русе Регионална библиотека "Любен Каравелов" Русе Хранилище 1984-01-01 Хранилище 2.94 408355 Цб 127577 900000012973 1 1.50 Дост: Dp Вид: Д N: стар фонд Дата: 01.01.1984 Книги
Изтеглен Не е изгубен Universal Decimal Classification Не е повреден без рестрикции заемане за дома 92495 Регионална библиотека "Любен Каравелов" Русе Регионална библиотека "Любен Каравелов" Русе Заемна - подръчен фонд 1984-01-01 Заемна - подръчен фонд 2.94 408430 П 372.3/О 83 408430 2 1.50 Дост: Pk Вид: Ф N: стар фонд Дата: 01.01.1984 Книги
Изтеглен Не е изгубен Universal Decimal Classification Не е повреден без рестрикции ползва се в читалня 92496 Регионална библиотека "Любен Каравелов" Русе Регионална библиотека "Любен Каравелов" Русе Читалня 1984-01-01 Читалня 2.94 408434 Ч 372/О 83 408434 3 1.50 Дост: Pk Вид: Ф N: стар фонд Дата: 01.01.1984 Дата инв: 15.03.2017 Бележки инв: Ч2017 Книги
Vip Innovations Ltd, Rousse, Bulgaria 2025